000 00301nam a2200109Ia 4500
008 200302s9999 xx 000 0 und d
100 _aTheodore Crane
245 _aArchitectural Construction The Choice of Structural Design 2nd ed.
260 _bJohn Wiley & Sons Inc.
260 _c1956
300 _a433 P.,
999 _c12
_d12